000 01741nam0a2200337 4500
001 RU\NLR\bibl\5103
005 20260406051259.0
010 _a5-87184-120-1
_9500
021 _aRU
_b98-6096
_9294
035 _a(NLR Aleph) 000004961
090 _a13522
_c13522
100 _a19980819d1997 |||y0rusy50 ca
101 0 _arus
102 _aRU
105 _a|||||||||||||
200 1 _aСостояние почв и почвенного покрова Челябинской области по результатам мониторинга земель сельскохозяйственного назначения
_fА.П. Козаченко
_gМ-во сел. хоз-ва и продовольствия РФ, Департамент кадровой политики и образования, Челяб. гос. агроинж. ун-т, Челяб. НИИгипрозем
210 _aЧелябинск
_cЧеляб. Дом печати
_d1997
215 _a109 с.
_d20
320 _aБиблиогр.: с. 107-108
606 0 _aПочвы
_yЧелябинская область
_91969806
_3RU\NLR\auth\66902445
606 0 _aМониторинг в почвоведении
_91674066
_3RU\NLR\auth\66742695
606 0 _aПочвы
_xМониторинг
_92282185
_3RU\NLR\auth\661367246
606 0 _aСельскохозяйственные угодья
_xОценка
_91615785
_3RU\NLR\auth\661010781
686 _aП035(2Р36-4Че)
700 1 _4070
_8rus
_7ca
_aКозаченко
_bА. П.
_gАнатолий Павлович
_3RU\NLR\auth\776587
_9116538
801 0 _aRU
_bNLR
_c19980819
_gPSBO
801 1 _aRU
_bNLR
_c19980819
830 _aАвт. раскрыт по кн.
852 _aNLR
_j98-3/2318
942 _cBOOK
980 _aNB